00414nam a2200145Ia 450000500170000000800410001702000180005805000270007610000210010324500520012426000350017630000420021152100070025352600080026020140403111655.0140130s9999 xx 000 0 und d a9780439082846 aPZ 7b.B7633Clwxd 1999 aBridwell, Norman cBridwell, NormanaClifford's first school day / bScholastic,c1999.aNew York : a1 v. (unpaged) :bcol. ill. ;c20 cm. aG2 c440